Statistics for MLB TOP 10 All Time Saves Leaders

Click here to take the quiz!

General Stats

  • This quiz has been taken 22 times
  • The average score is 5 of 10

Answer Stats

HintAnswer% Correct
652Mariano Rivera
100%
601Trevor Hoffman
80%
390Dennis Eckersley
60%
422Billy Wagner
50%
437Francisco Rodriguez
50%
478Lee Smith
50%
424John Franco
45%
378Kenley Jansen
45%
377Joe Nathan
20%
393Craig Kimbrell
15%

Score Distribution

Percentile by Number Answered

Percent of People with Each Score

Your Score History

You have not taken this quiz